[Event "Cantabria-ch"]
[Site "Cantabria"]
[Date "2009.05.09"]
[Round "7"]
[White "Gomez Casares, Gonzalo"]
[Black "Pordomingo Rodriguez, Jose Anton"]
[Result "1-0"]
[WhiteElo "1860"]
[BlackElo "1816"]
[PlyCount "57"]
[EventDate "2009.03.14"]
[EventType "swiss"]
[EventRounds "7"]
[EventCountry "ESP"]
[SourceTitle "EXT 2024"]
[Source "ChessBase"]
[SourceDate "2023.10.10"]
[SourceVersion "1"]
[SourceVersionDate "2023.10.10"]
[SourceQuality "1"]

1. c4 Nf6 2. Nf3 e6 3. g3 b6 4. Bg2 Bb7 5. 0-0 c5 6. b3 Nc6 7. Bb2 Be7 8. Nc3 0-0 9. e4 d6 10. d4 cxd4 11. Nxd4 Nxd4 12. Qxd4 Rb8 13. Rad1 a6 14. Ba3 Ne8 15. e5 Bxg2 16. Kxg2 Qc8 17. exd6 Qc6+ 18. Qe4 Qxe4+ 19. Nxe4 Bd8 20. d7 Nf6 21. Nxf6+ Bxf6 22. Bxf8 Kxf8 23. b4 Bd8 24. c5 bxc5 25. bxc5 Ke7 26. c6 Rb6 27. Rc1 Kd6 28. c7 Bxc7 29. Rfd1+ 1-0

[Event "Cantabria-ch"]
[Site "Cantabria"]
[Date "2009.04.18"]
[Round "5"]
[White "Gomez Casares, Gonzalo"]
[Black "Iglesias Gascon, David"]
[Result "1-0"]
[WhiteElo "1860"]
[BlackElo "1927"]
[PlyCount "45"]
[EventDate "2009.03.14"]
[EventType "swiss"]
[EventRounds "7"]
[EventCountry "ESP"]
[SourceTitle "EXT 2024"]
[Source "ChessBase"]
[SourceDate "2023.10.10"]
[SourceVersion "1"]
[SourceVersionDate "2023.10.10"]
[SourceQuality "1"]

1. c4 e5 2. Nc3 Nc6 3. Nf3 Bc5 4. e3 d6 5. d4 Bb4 6. Be2 Bxc3+ 7. bxc3 e4 8. Nd2 Bf5 9. 0-0 Qg5 10. f4 Qg6 11. d5 Nce7 12. Rb1 b6 13. Kh1 Nf6 14. Nb3 h5 15. Nd4 Bg4 16. Bd2 h4 17. Bxg4 Nxg4 18. Qa4+ Kf8 19. Qd7 Nxh2 20. Kxh2 Qg3+ 21. Kg1 h3 22. Qxe7+ Kg8 23. Qg5 1-0